000 00461nam a2200193Ia 4500
008 240509s9999 xx 000 0 und d
020 _a0009559638327
041 _asih
082 _a004.678
082 _bK16
100 _aKarunanda,A.S
245 0 _aANTHARJALAYA HA EHI PRAYOJANA ( INTERNET AND ITS ADVANTAGES)
260 _bTharangi Prints:Maharagama
260 _c1999
300 _a118 p.
650 _aInternet
942 _2ddc
942 _cLBK
999 _c22252
_d22252
945 _a1
_bMadushi Gamage
_c1
_dMadushi Gamage